ARRUPE JESUIT UNIVERSITY

CORONAVIRUS -STOP THE SPREAD - CLEAN,DISINFECT,COVER

Kinship & marriage among the Anlo Ewe / (Record no. 124119)

MARC details
000 -LEADER
fixed length control field 01474cam a2200361 a 4500
001 - CONTROL NUMBER
control field 4508745
003 - CONTROL NUMBER IDENTIFIER
control field ARRUPE
005 - DATE AND TIME OF LATEST TRANSACTION
control field 20160209123249.0
008 - FIXED-LENGTH DATA ELEMENTS--GENERAL INFORMATION
fixed length control field 980924r19991969enkab b 001 0 eng
010 ## - LIBRARY OF CONGRESS CONTROL NUMBER
LC control number 98045323
020 ## - INTERNATIONAL STANDARD BOOK NUMBER
International Standard Book Number 0485196379 (paper)
040 ## - CATALOGING SOURCE
Original cataloging agency DLC
Transcribing agency DLC
Modifying agency DLC
043 ## - GEOGRAPHIC AREA CODE
Geographic area code f-tg---
050 00 - LIBRARY OF CONGRESS CALL NUMBER
Classification number DT582.45.A56
Item number N85 1999
082 00 - DEWEY DECIMAL CLASSIFICATION NUMBER
Classification number 392.5/096681
Edition number 21
300 ## - PHYSICAL DESCRIPTION
Other physical details ill., maps ;
Dimensions 22 cm.
100 1# - MAIN ENTRY--PERSONAL NAME
Personal name Nukunya, G. K.
9 (RLIN) 22130
245 10 - TITLE STATEMENT
Title Kinship & marriage among the Anlo Ewe /
Statement of responsibility, etc G.K. Nukunya.
260 ## - PUBLICATION, DISTRIBUTION, ETC. (IMPRINT)
Place of publication, distribution, etc London ;
Name of publisher, distributor, etc Athlone Press ;
Date of publication, distribution, etc 1999.
300 ## - PHYSICAL DESCRIPTION
Extent ix, 217 p. :
490 1# - SERIES STATEMENT
Series statement London School of Economics. Monographs on social anthropology ;
Volume number/sequential designation v. 37
500 ## - GENERAL NOTE
General note Originally published: London : University of London, Athlone Press, 1969.
504 ## - BIBLIOGRAPHY, ETC. NOTE
Bibliography, etc Includes bibliographical references (p. [209]-211) and index.
650 #0 - SUBJECT ADDED ENTRY--TOPICAL TERM
Topical term or geographic name as entry element Anlo (African people)
General subdivision Marriage customs and rites.
9 (RLIN) 22131
650 #0 - SUBJECT ADDED ENTRY--TOPICAL TERM
Topical term or geographic name as entry element Anlo (African people)
General subdivision Kinship.
9 (RLIN) 22132
650 #0 - SUBJECT ADDED ENTRY--TOPICAL TERM
Topical term or geographic name as entry element Marriage customs and rites
Geographic subdivision Togo.
9 (RLIN) 22133
650 #0 - SUBJECT ADDED ENTRY--TOPICAL TERM
Topical term or geographic name as entry element Kinship
Geographic subdivision Togo.
9 (RLIN) 22134
651 #0 - SUBJECT ADDED ENTRY--GEOGRAPHIC NAME
Geographic name Togo
General subdivision Social life and customs.
9 (RLIN) 22135
830 #0 - SERIES ADDED ENTRY--UNIFORM TITLE
Uniform title Monographs on social anthropology ;
Volume number/sequential designation no. 37.
9 (RLIN) 22136
856 42 - ELECTRONIC LOCATION AND ACCESS
Materials specified Publisher description
Uniform Resource Identifier <a href="http://www.loc.gov/catdir/enhancements/fy0601/98045323-d.html">http://www.loc.gov/catdir/enhancements/fy0601/98045323-d.html</a>
906 ## - LOCAL DATA ELEMENT F, LDF (RLIN)
a 7
b cbc
c orignew
d 1
e ocip
f 19
g y-gencatlg
942 ## - ADDED ENTRY ELEMENTS (KOHA)
Source of classification or shelving scheme Library of Congress Classification
Koha item type Monograph ( Printed materials)

No items available.

 

Arrupe Library. PO Box MP320 Mt Pleasant, Harare, Zimbabwe
263 242 745411|librarian@aju.ac.zw